Technology transfer, productivity, and economic policy
Examines the role of technological change in economic growth and discusses the transfer of American technology to foreign countries.
Guardado en:
| Formato: | Libro |
|---|---|
| Lenguaje: | Undetermined |
| Publicado: |
New York
Norton
1982
|
| Materias: | |
| Etiquetas: |
Agregar Etiqueta
Sin Etiquetas, Sea el primero en etiquetar este registro!
|
| Thư viện lưu trữ: | Trung tâm Học liệu Trường Đại học Cần Thơ |
|---|
| LEADER | 00753nam a2200205Ia 4500 | ||
|---|---|---|---|
| 001 | CTU_228787 | ||
| 008 | 210402s9999 xx 000 0 und d | ||
| 082 | |a 338.973 | ||
| 082 | |b T255 | ||
| 245 | 0 | |a Technology transfer, productivity, and economic policy | |
| 245 | 0 | |c Edwin Mansfield ... [et al.] | |
| 260 | |a New York | ||
| 260 | |b Norton | ||
| 260 | |c 1982 | ||
| 520 | |a Examines the role of technological change in economic growth and discusses the transfer of American technology to foreign countries. | ||
| 650 | |a Chuyển giao công nghệ,Technology transfer | ||
| 650 | |x Khía cạnh kinh tế,Economic aspects | ||
| 650 | |z Hoa Kỳ,United States | ||
| 910 | |b dqhieu | ||
| 980 | |a Trung tâm Học liệu Trường Đại học Cần Thơ | ||